Statistiques concernant Dadju

Cliquez ici pour prendre le quiz!

Statistiques générales

  • Ce quiz a été pris 31 fois
  • Le résultat moyen est 8 sur 19

Statistiques - réponses

HintRéponse% Correct
Avec quiTayc
79%
Son frèreGims
76%
Nationalité 2Congolais
72%
Nationalité 1Français
72%
Musique la plus streaméReine
69%
Album en communHeritage
66%
Combien de musique award il a gagné4
59%
Album 1Gentleman 2.0
45%
Ancien GroupeThe shin Sekai
45%
Dans quel ancien label il étaitWati B
41%
age32 ans
38%
Nom completDadju Djuna Nsungula
34%
Mon sons préféré hihihiJaloux
31%
Album 3Culinan
21%
lieu de naissanceRomainville
3%
Label 3Amateratsu pro
0%
Label 1Polydor
0%
Album 2Posion ou Antidote
0%
Label 2Universal Music Group
0%

Distribution des résultats

Percentile par nombre de réponses

% des personnes avec chaque résultat

Votre développement - résultats

Vous n’avez pas pris ce quiz